01010nam a2200265Ia 4500003000400000005001700004006001800021007000300039008004100042024001100083037001100094040001800105041001300123100003000136110009600166245017600262260000900438300001800447650002800465700003600493700009600529942001200625999001900637952008800656OSt20220930081812.0a|||||r|||| 00| 0ta220926b |||||||| |||| 00| 0 eng d a109027 cTheses aCRLcCRLbeng 2engaeng aNaglot Shakuntala9542122 aUniversity of Delhi. Faculty of Medical Sciences. Department of Otorhinolaryngology9519799 0aFunctional endoscopic sinus surgery outcome in patients with symptomatic chronic rhinosinusitis with and without significant evidence of disease in computerised tomography c2008 a57p.ap.ccm. aHEAD - DISEASES9200017 a Dr. A. Chakravarti Gu.9540018 aUniversity of Delhi. Faculty of Medical Sciences. Department of Otorhinolaryngology9519801 cDIS2CC c872013d872013 00104070aCRLbCRLd2022-09-30l0pTH0017549r2022-09-30 00:00:00w2022-09-30yTH